[Event "TUR-chT 2nd League"]
[Site "Konya"]
[Date "2022.08.23"]
[Round "3.3"]
[White "Hatirli, Ugur Can"]
[Black "Yilmaz, Yigit"]
[Result "1-0"]
[WhiteElo "2081"]
[BlackElo "1394"]
[PlyCount "90"]
[EventDate "2022.08.22"]
[EventType "team-swiss"]
[EventRounds "9"]
[EventCountry "TUR"]
[SourceTitle "CBM 210 Extra"]
[Source "ChessBase"]
[SourceDate "2022.11.30"]
[SourceVersion "1"]
[SourceVersionDate "2022.11.30"]
[SourceQuality "1"]
[WhiteTeam "Pamukkale Yonetimi"]
[BlackTeam "Karaman Masterler"]
[WhiteTeamCountry "TUR"]
[BlackTeamCountry "TUR"]

1. Nf3 e6 2. g3 f5 3. c4 Nf6 4. Bg2 d5 5. cxd5 exd5 6. 0-0 Bd6 7. b3 Qe7 8. Nc3 c6 9. e3 0-0 10. Ne2 Nbd7 11. Bb2 Ne5 12. Nxe5 Bxe5 13. Bxe5 Qxe5 14. Qc2 Ne4 15. d3 Nf6 16. b4 Bd7 17. Rab1 g5 18. Rfe1 Nh5 19. a4 Qd6 20. Qc5 Rf6 21. Rec1 b6 22. Qxd6 Rxd6 23. Nd4 f4 24. Nxc6 Bxc6 25. Rxc6 Rxc6 26. Bxd5+ Kg7 27. Bxc6 Rd8 28. d4 fxe3 29. fxe3 Rd6 30. Bf3 Nf6 31. Rc1 Rd7 32. Rc4 g4 33. Bg2 Kg6 34. e4 h5 35. e5 Nd5 36. Be4+ Kg7 37. Bxd5 Rxd5 38. Kf2 Kg6 39. Ke3 Kf5 40. Rc7 a5 41. b5 Rd8 42. Rf7+ Ke6 43. Rf6+ Kd5 44. Rxb6 Kc4 45. Rc6+ Kd5 1-0

[Event "TUR-chT 2nd League"]
[Site "Konya"]
[Date "2022.08.22"]
[Round "1.6"]
[White "Sahin, Taha"]
[Black "Yilmaz, Yigit"]
[Result "1-0"]
[WhiteElo "1661"]
[BlackElo "1394"]
[PlyCount "115"]
[EventDate "2022.08.22"]
[EventType "team-swiss"]
[EventRounds "9"]
[EventCountry "TUR"]
[SourceTitle "CBM 210 Extra"]
[Source "ChessBase"]
[SourceDate "2022.11.30"]
[SourceVersion "1"]
[SourceVersionDate "2022.11.30"]
[SourceQuality "1"]
[WhiteTeam "Corum Belediye"]
[BlackTeam "Karaman Masterler"]
[WhiteTeamCountry "TUR"]
[BlackTeamCountry "TUR"]

1. Nf3 d5 2. c4 e6 3. e3 f5 4. cxd5 exd5 5. Nc3 Nf6 6. Qc2 c6 7. Be2 Bd6 8. 0-0 0-0 9. d3 Qe8 10. Re1 Nbd7 11. e4 Ne5 12. Bg5 dxe4 13. dxe4 Nxf3+ 14. Bxf3 Ng4 15. Bxg4 fxg4 16. e5 Be7 17. Be3 Be6 18. Ne2 Bb4 19. Red1 Qh5 20. Qe4 Be7 21. Nf4 Qf5 22. Qd4 Rfd8 23. Qc3 g5 24. Nxe6 Rxd1+ 25. Rxd1 Qxe6 26. Bc5 Rd8 27. Re1 Bxc5 28. Qxc5 b6 29. Qe3 h6 30. b3 Rd5 31. g3 Ra5 32. Re2 Rd5 33. Re1 Ra5 34. a4 Rd5 35. Qc3 Rc5 36. Qd4 Rd5 37. Qc4 Kf7 38. Qe4 Kg7 39. b4 c5 40. bxc5 Rxc5 41. Qa8 Qe7 42. e6 Ra5 43. Qe4 h5 44. Rd1 Kf6 45. Re1 Kg7 46. Qd4+ Kg6 47. Qh8 Rc5 48. Qg8+ Kh6 49. Rd1 Rc7 50. Kg2 a6 51. Rd8 b5 52. Qh8+ Kg6 53. Rg8+ Kf5 54. Rf8+ Ke4 55. Rf7 Qa3 56. Qa8+ Ke5 57. Rxc7 Kxe6 58. axb5 1-0